[Event "Oberliga Ost-A 1920"]
[Site "Germany"]
[Date "2020.01.19"]
[Round "7.4"]
[White "Hillmann, Michael"]
[Black "Schunk, Thomas"]
[Result "0-1"]
[WhiteElo "2112"]
[BlackElo "2152"]
[PlyCount "40"]
[EventDate "2019.09.29"]
[EventType "team-tourn"]
[EventRounds "11"]
[EventCountry "GER"]
[SourceTitle "EXT 2021"]
[Source "ChessBase"]
[SourceDate "2020.10.23"]
[SourceVersion "1"]
[SourceVersionDate "2020.10.23"]
[SourceQuality "1"]
[WhiteTeam "Sangerhausen"]
[BlackTeam "Leipzig SG II"]
[WhiteTeamCountry "GER"]
[BlackTeamCountry "GER"]

1. d4 f5 2. Nf3 Nf6 3. c4 e6 4. g3 d5 5. Bg2 c6 6. 0-0 Bd6 7. Qc2 0-0 8. Nbd2 Qe8 9. Ne5 Nbd7 10. Ndf3 Ne4 11. Nxd7 Bxd7 12. Ne5 Qe7 13. Be3 Be8 14. f3 Nf6 15. Bf4 c5 16. dxc5 Bxc5+ 17. Kh1 Rc8 18. Rac1 Bd6 19. Qb3 g5 20. c5 Bb8 0-1

[Event "Oberliga Ost-A 1920"]
[Site "Germany"]
[Date "2020.01.18"]
[Round "6.3"]
[White "Puls, Thomas"]
[Black "Schunk, Thomas"]
[Result "1/2-1/2"]
[WhiteElo "2179"]
[BlackElo "2152"]
[PlyCount "137"]
[EventDate "2019.09.29"]
[EventType "team-tourn"]
[EventRounds "11"]
[EventCountry "GER"]
[SourceTitle "EXT 2021"]
[Source "ChessBase"]
[SourceDate "2020.10.23"]
[SourceVersion "1"]
[SourceVersionDate "2020.10.23"]
[SourceQuality "1"]
[WhiteTeam "Halle USV"]
[BlackTeam "Leipzig SG II"]
[WhiteTeamCountry "GER"]
[BlackTeamCountry "GER"]

1. e4 c5 2. Nf3 e6 3. g3 Nc6 4. Bg2 Nf6 5. Qe2 d6 6. 0-0 Be7 7. c3 e5 8. h3 0-0 9. Rd1 Qc7 10. d4 cxd4 11. cxd4 exd4 12. Na3 a6 13. Nxd4 Nxd4 14. Rxd4 Be6 15. Nc4 b5 16. Ne3 Rac8 17. b3 Nd7 18. Nd5 Bxd5 19. Rxd5 Nb6 20. Rd3 Bf6 21. Rb1 Rfe8 22. Bf4 Be5 23. Be3 Nd7 24. Rbd1 Nc5 25. Rd5 g6 26. f4 Bg7 27. e5 Bf8 28. exd6 Qd7 29. Qf3 Ne4 30. Bd4 Nxd6 31. Qd3 Qc7 32. Be5 Qb6+ 33. Kh2 Nf5 34. g4 Ng7 35. Rd7 Ne6 36. Qd2 Red8 37. Qe2 Rxd7 38. Rxd7 Rd8 39. Rxd8 Qxd8 40. Qc2 Bd6 41. Qc6 Bxe5 42. fxe5 Qd4 43. Qxa6 Qxe5+ 44. Kh1 Nd4 45. Qc8+ Kg7 46. Qc3 g5 47. a4 b4 48. Qa1 f6 49. a5 Qe3 50. Qg1 Qc3 51. a6 Ne2 52. Qd1 Ng3+ 53. Kh2 Qc7 54. Qf3 Ne2+ 55. Kh1 Qc1+ 56. Bf1 Nd4 57. Qf2 Qa1 58. Kg2 Nxb3 59. Qe3 Qc3 60. Qxc3 bxc3 61. Bd3 Nc5 62. a7 Nxd3 63. a8Q c2 64. Qb7+ Kg6 65. Qe4+ Kg7 66. Qe7+ Kg6 67. Qe8+ Kg7 68. Qe7+ Kg6 69. Qe8+ 1/2-1/2

[Event "Oberliga Ost-A 1920"]
[Site "Germany"]
[Date "2019.12.07"]
[Round "4.4"]
[White "Pfeufer, Lion"]
[Black "Schunk, Thomas"]
[Result "0-1"]
[WhiteElo "2031"]
[BlackElo "2152"]
[PlyCount "78"]
[EventDate "2019.09.29"]
[EventType "team-tourn"]
[EventRounds "11"]
[EventCountry "GER"]
[SourceTitle "EXT 2021"]
[Source "ChessBase"]
[SourceDate "2020.10.23"]
[SourceVersion "1"]
[SourceVersionDate "2020.10.23"]
[SourceQuality "1"]
[WhiteTeam "Plauen Koenig II"]
[BlackTeam "Leipzig SG II"]
[WhiteTeamCountry "GER"]
[BlackTeamCountry "GER"]

1. e4 c5 2. Nf3 e6 3. c4 Nc6 4. Nc3 Nd4 5. d3 g6 6. g3 Bg7 7. Bg2 Ne7 8. Nxd4 cxd4 9. Ne2 0-0 10. 0-0 h6 11. f4 d6 12. b4 a5 13. b5 Qb6 14. Ba3 Re8 15. Rb1 Bd7 16. Kh1 Rac8 17. g4 f5 18. Ng3 Kh7 19. Bh3 Rcd8 20. gxf5 exf5 21. exf5 Nxf5 22. Nxf5 Bxf5 23. Bxf5 gxf5 24. Qh5 Qc7 25. Qxf5+ Kh8 26. Rbe1 b6 27. Qg6 Re3 28. Rxe3 dxe3 29. Qe4 d5 30. cxd5 Qd7 31. Qxe3 Qxd5+ 32. Qe4 Qxb5 33. Be7 Rxd3 34. Rc1 Qd7 35. Re1 Rd4 36. Qa8+ Kh7 37. Qf3 Qf5 38. Rf1 Rd2 39. a3 Qc2 0-1

[Event "Oberliga Ost-A 1920"]
[Site "Germany"]
[Date "2019.09.29"]
[Round "1.4"]
[White "Schuetze, Norman"]
[Black "Schunk, Thomas"]
[Result "1/2-1/2"]
[WhiteElo "2296"]
[BlackElo "2152"]
[PlyCount "89"]
[EventDate "2019.09.29"]
[EventType "team-tourn"]
[EventRounds "11"]
[EventCountry "GER"]
[SourceTitle "EXT 2021"]
[Source "ChessBase"]
[SourceDate "2020.10.23"]
[SourceVersion "1"]
[SourceVersionDate "2020.10.23"]
[SourceQuality "1"]
[WhiteTeam "Loeberitz"]
[BlackTeam "Leipzig SG II"]
[WhiteTeamCountry "GER"]
[BlackTeamCountry "GER"]

1. e4 c5 2. Nf3 e6 3. d4 cxd4 4. Nxd4 Nf6 5. Nc3 d6 6. g4 h6 7. h4 a6 8. Rg1 Qa5 9. Nb3 Qc7 10. g5 hxg5 11. hxg5 Nfd7 12. Be3 Nc6 13. Qd2 Nce5 14. Nd4 Nb6 15. 0-0-0 Bd7 16. g6 f6 17. Rg3 0-0-0 18. Bh3 Nec4 19. Qe1 Re8 20. Kb1 Nxe3 21. Qxe3 Kb8 22. b3 d5 23. exd5 exd5 24. Qf3 Bxh3 25. Rxh3 Rxh3 26. Qxh3 Bb4 27. Nce2 Ka7 28. Rd3 Re4 29. Re3 Ba3 30. c3 Qe7 31. Nf5 Qe8 32. Qg2 Qd7 33. Ned4 Re5 34. Qf3 Bc5 35. Qf4 Qe8 36. Qg3 Rxe3 37. fxe3 Bxd4 38. Nxd4 Nd7 39. Qc7 Ne5 40. Kb2 Qxg6 41. Qc5+ Ka8 42. Qxd5 Qd3 43. Qd8+ Ka7 44. Nc6+ bxc6 45. Qc7+ 1/2-1/2

[Event "Oberliga Ost-A 1819"]
[Site "Germany"]
[Date "2019.04.06"]
[Round "10.3"]
[White "Hofmann, Rares"]
[Black "Schunk, Thomas"]
[Result "1/2-1/2"]
[WhiteElo "2228"]
[BlackElo "2155"]
[PlyCount "75"]
[EventDate "2018.10.21"]
[EventType "team-tourn"]
[EventRounds "11"]
[EventCountry "GER"]
[SourceTitle "EXT 2020"]
[Source "ChessBase"]
[SourceDate "2019.10.17"]
[SourceVersion "1"]
[SourceVersionDate "2019.10.17"]
[SourceQuality "1"]
[WhiteTeam "Coswig TuS"]
[BlackTeam "Leipzig SG II"]
[WhiteTeamCountry "GER"]
[BlackTeamCountry "GER"]

1. g3 d5 2. Bg2 Nf6 3. d3 e5 4. Nf3 Bd6 5. e4 dxe4 6. dxe4 0-0 7. 0-0 Nc6 8. Qe2 Bg4 9. c3 h6 10. Nbd2 a6 11. h3 Be6 12. Nh4 Qc8 13. g4 Nh7 14. Nf5 Bc5 15. b4 Ba7 16. Nf3 Qe8 17. N3h4 Ne7 18. Kh1 Ng6 19. Nf3 Qb5 20. Qe1 Rad8 21. h4 Rfe8 22. Rg1 Qd3 23. h5 Bxf5 24. gxf5 Ngf8 25. Bxh6 Qc2 26. Be3 Bxe3 27. Qxe3 Rd3 28. Rac1 Rxe3 29. Rxc2 Rxe4 30. Nh2 Rh4 31. Bxb7 Rxh5 32. Bxa6 e4 33. a4 Rh6 34. Bb7 Rb6 35. Bd5 Rd6 36. Bb7 Rb6 37. Bd5 Rd6 38. Bb7 1/2-1/2

[Event "Oberliga Ost-A 1819"]
[Site "Germany"]
[Date "2019.03.23"]
[Round "8.2"]
[White "Schunk, Thomas"]
[Black "Becker, Michael"]
[Result "0-1"]
[WhiteElo "2155"]
[BlackElo "2254"]
[PlyCount "134"]
[EventDate "2018.10.21"]
[EventType "team-tourn"]
[EventRounds "11"]
[EventCountry "GER"]
[SourceTitle "EXT 2020"]
[Source "ChessBase"]
[SourceDate "2019.10.17"]
[SourceVersion "1"]
[SourceVersionDate "2019.10.17"]
[SourceQuality "1"]
[WhiteTeam "Leipzig SG II"]
[BlackTeam "Halle USV"]
[WhiteTeamCountry "GER"]
[BlackTeamCountry "GER"]

1. c4 c5 2. Nf3 Nc6 3. d4 cxd4 4. Nxd4 Nf6 5. Nc3 g6 6. e4 Nxd4 7. Qxd4 d6 8. Be2 Bg7 9. 0-0 0-0 10. Qd2 a5 11. Rb1 a4 12. b4 axb3 13. axb3 Be6 14. Kh1 Qa5 15. Qc2 Rfc8 16. Bd2 Qe5 17. f4 Qd4 18. f5 Bd7 19. Be1 Bc6 20. Bf3 Nd7 21. Ne2 Qb6 22. fxg6 hxg6 23. Bg4 Nf6 24. Bf3 Qe3 25. Ng3 Ra3 26. Bb4 Ra6 27. Bd2 Qa7 28. Qc1 Ra2 29. Bh6 Qd4 30. Be3 Qd3 31. Rd1 Qc2 32. Qxc2 Rxc2 33. Rdc1 Rxc1+ 34. Rxc1 Ra8 35. b4 Ra3 36. Bg1 Bh6 37. Rd1 Ba4 38. Rb1 Bc2 39. Re1 Nd7 40. e5 Nxe5 41. Bxb7 Ra4 42. b5 Rxc4 43. b6 Rb4 44. Bd5 e6 45. Bf3 Nxf3 46. gxf3 d5 47. Ra1 Bf4 48. Ne2 Be5 49. Ra8+ Kh7 50. Bc5 Rb1+ 51. Kg2 Bd3 52. f4 Bf6 53. Kf3 Rb2 54. Nd4 Be4+ 55. Ke3 Bh4 56. Ne2 Rb3+ 57. Kd2 d4 58. Ra2 Bf2 59. Ng3 Bd5 60. Ra4 Be3+ 61. Ke1 Bf3 62. Ra1 Rb5 63. Bd6 Rxb6 64. Be5 Rb2 65. f5 gxf5 66. h4 f4 67. Ne4 Bxe4 0-1

[Event "Oberliga Ost-A 1819"]
[Site "Germany"]
[Date "2019.02.03"]
[Round "7.3"]
[White "Melamed, Tatiana"]
[Black "Schunk, Thomas"]
[Result "1-0"]
[WhiteElo "2381"]
[BlackElo "2155"]
[PlyCount "111"]
[EventDate "2018.10.21"]
[EventType "team-tourn"]
[EventRounds "11"]
[EventCountry "GER"]
[SourceTitle "EXT 2020"]
[Source "ChessBase"]
[SourceDate "2019.10.17"]
[SourceVersion "1"]
[SourceVersionDate "2019.10.17"]
[SourceQuality "1"]
[WhiteTeam "Magdeburg Aufbau Elbe"]
[BlackTeam "Leipzig SG II"]
[WhiteTeamCountry "GER"]
[BlackTeamCountry "GER"]

1. e4 e5 2. Nf3 d6 3. d4 Nf6 4. dxe5 Nxe4 5. Qd5 Nc5 6. Bg5 Qd7 7. exd6 Bxd6 8. Nc3 0-0 9. 0-0-0 Nc6 10. Nb5 Qg4 11. Nxd6 cxd6 12. Qc4 Ne4 13. h3 Qe6 14. Be3 h6 15. Qxe6 Bxe6 16. Bd3 d5 17. a3 Rfe8 18. Rhe1 a6 19. Bb6 Nf6 20. Nd4 Nd7 21. Nxc6 bxc6 22. Be3 Ne5 23. Bf1 Nd7 24. Be2 Nf6 25. g4 Nd7 26. Bf1 f6 27. Bg2 Ne5 28. f4 Nc4 29. Bc5 Bf7 30. Bf1 Na5 31. Rxe8+ Bxe8 32. Re1 Nb7 33. Bb6 Nd6 34. Re6 Ne4 35. Re7 h5 36. Bd3 hxg4 37. hxg4 Kf8 38. Rc7 a5 39. a4 Kg8 40. b3 Nd6 41. Ra7 Rxa7 42. Bxa7 Bd7 43. Be2 Ne4 44. Bb6 Kf7 45. Bxa5 Nf2 46. Bb6 Nxg4 47. Ba6 Ke6 48. Bb7 Kd6 49. b4 g5 50. a5 gxf4 51. a6 f3 52. a7 d4 53. a8Q f2 54. Bc5+ Kd5 55. Ba6 Ne5 56. Bf1 1-0

[Event "Sachsen-ch"]
[Site "Leipzig"]
[Date "2018.11.03"]
[Round "3"]
[White "Schunk, Thomas"]
[Black "Poessel, Christian"]
[Result "1-0"]
[WhiteElo "2177"]
[BlackElo "2003"]
[PlyCount "105"]
[EventDate "2018.11.02"]
[EventType "swiss"]
[EventRounds "6"]
[EventCountry "GER"]
[SourceTitle "CBM 187 Extra"]
[Source "ChessBase"]
[SourceDate "2018.11.04"]
[SourceVersion "1"]
[SourceVersionDate "2018.11.04"]
[SourceQuality "1"]

1. c4 Nf6 2. Nc3 c5 3. e4 d6 4. g3 Nc6 5. Bg2 g6 6. d3 Bg7 7. Nge2 a6 8. 0-0 0-0 9. h3 Rb8 10. f4 Ne8 11. f5 b5 12. g4 Nd4 13. Rb1 e6 14. Kh1 Nc7 15. Nxd4 cxd4 16. Ne2 d5 17. exd5 exd5 18. c5 b4 19. Bf4 Rb5 20. f6 Bh8 21. Bd6 Ne6 22. Be7 Qc7 23. Rc1 Re8 24. Qd2 Rxe7 25. fxe7 Qxe7 26. c6 Be5 27. Rce1 Bc7 28. Ng1 Qd6 29. Nf3 Kg7 30. Qf2 f6 31. Rg1 a5 32. Bf1 Rb8 33. Rg2 Qf4 34. Rxe6 Bxe6 35. Nxd4 Qxf2 36. Rxf2 Bf7 37. Rc2 Kf8 38. Nb3 a4 39. Nc5 Ra8 40. d4 Ke7 41. Bb5 a3 42. bxa3 Rxa3 43. Re2+ Kd8 44. Nb7+ Kc8 45. Re7 Rxh3+ 46. Kg2 Rh2+ 47. Kg1 Rxa2 48. Rxf7 Bh2+ 49. Kh1 b3 50. Bd3 Rd2 51. Nc5 Bd6 52. Ba6+ Kb8 53. Nxb3 1-0

[Event "Oberliga Ost-A 1819"]
[Site "Germany"]
[Date "2018.10.21"]
[Round "1.2"]
[White "Heistermann, Till"]
[Black "Schunk, Thomas"]
[Result "1/2-1/2"]
[WhiteElo "2204"]
[BlackElo "2155"]
[PlyCount "107"]
[EventDate "2018.10.21"]
[EventType "team-tourn"]
[EventRounds "11"]
[EventCountry "GER"]
[SourceTitle "EXT 2020"]
[Source "ChessBase"]
[SourceDate "2019.10.17"]
[SourceVersion "1"]
[SourceVersionDate "2019.10.17"]
[SourceQuality "1"]
[WhiteTeam "Leipzig SG"]
[BlackTeam "Leipzig SG II"]
[WhiteTeamCountry "GER"]
[BlackTeamCountry "GER"]

1. g3 c5 2. Bg2 Nc6 3. Nf3 e5 4. d3 d5 5. 0-0 Be7 6. c4 d4 7. e3 Nf6 8. exd4 exd4 9. Bg5 0-0 10. a3 h6 11. Bxf6 Bxf6 12. Nbd2 Bf5 13. Qc2 Qd7 14. Rfe1 Rfe8 15. Rxe8+ Rxe8 16. Re1 Re7 17. Kf1 Bg6 18. Rxe7 Bxe7 19. Ne1 Ne5 20. Ndf3 Nc6 21. Nd2 f5 22. Qd1 Kh7 23. Qe2 Bf7 24. h3 Bf6 25. Nc2 a5 26. b3 b6 27. Kg1 a4 28. b4 cxb4 29. axb4 Ne5 30. Bf1 g5 31. Nf3 Ng6 32. Qd1 g4 33. hxg4 f4 34. Nd2 fxg3 35. fxg3 Ne5 36. Ne4 Bg5 37. Bg2 Bg6 38. c5 bxc5 39. Nxc5 Qa7 40. Na3 Be3+ 41. Kh1 Qf7 42. Ne4 Qa2 43. Qxa4 Qa1+ 44. Kh2 Nxg4+ 45. Kh3 Bf5 46. Kh4 Ne5 47. Qa7+ Nd7 48. g4 Qe1+ 49. Kh3 Bg5 50. Ng3 Bxg4+ 51. Kxg4 Qe6+ 52. Nf5 h5+ 53. Kg3 Qe5+ 54. Kf2 1/2-1/2

[Event "Zuoz Engiadina op 25th"]
[Site "Zuoz"]
[Date "2018.10.10"]
[Round "5"]
[White "Habibi, Ali"]
[Black "Schunk, Thomas"]
[Result "0-1"]
[WhiteElo "2236"]
[BlackElo "2155"]
[PlyCount "112"]
[EventDate "2018.10.06"]
[EventType "swiss"]
[EventRounds "7"]
[EventCountry "SUI"]
[SourceTitle "CBM 186 Extra"]
[Source "ChessBase"]
[SourceDate "2018.08.24"]
[SourceVersion "1"]
[SourceVersionDate "2018.08.24"]
[SourceQuality "1"]

1. c4 c5 2. Nf3 Nc6 3. d3 g6 4. g3 Bg7 5. Bg2 e6 6. 0-0 Nge7 7. Nbd2 0-0 8. Rb1 h6 9. a3 a5 10. Ne4 d6 11. Bf4 e5 12. Bd2 f5 13. Nc3 g5 14. e3 Ng6 15. Ne1 g4 16. Nd5 h5 17. f4 h4 18. Nc2 Re8 19. Bc3 Ra7 20. Qd2 Bh6 21. b3 Be6 22. Rbe1 Rf8 23. Re2 b6 24. Qe1 Nce7 25. a4 Nc6 26. Qd1 Rh7 27. d4 cxd4 28. exd4 e4 29. Nde3 Bg7 30. Rd2 Bc8 31. Ba1 hxg3 32. hxg3 Nh4 33. Rff2 Re8 34. gxh4 g3 35. Rfe2 Qxh4 36. Nf1 Qxf4 37. Re3 d5 38. Rxg3 Qd6 39. c5 Qb8 40. Rg5 Be6 41. Rf2 Rf8 42. Nce3 Ne7 43. cxb6 Qxb6 44. Bh1 f4 45. Ng4 f3 46. Rh2 Bxg4 47. Rxg4 Rxh2 48. Kxh2 Qh6+ 49. Kg1 Qh3 50. Rg2 fxg2 51. Bxg2 Qh4 52. Qe2 Rf6 53. Ne3 Rg6 54. Bc3 Qf4 55. Qf2 Qg5 56. Qe2 Nc6 0-1

[Event "Zuoz Engiadina op 25th"]
[Site "Zuoz"]
[Date "2018.10.08"]
[Round "3"]
[White "Moggi, Christoph"]
[Black "Schunk, Thomas"]
[Result "0-1"]
[WhiteElo "1962"]
[BlackElo "2155"]
[PlyCount "110"]
[EventDate "2018.10.06"]
[EventType "swiss"]
[EventRounds "7"]
[EventCountry "SUI"]
[SourceTitle "CBM 186 Extra"]
[Source "ChessBase"]
[SourceDate "2018.08.24"]
[SourceVersion "1"]
[SourceVersionDate "2018.08.24"]
[SourceQuality "1"]

1. d4 f5 2. Bf4 Nf6 3. e3 e6 4. Nf3 d5 5. Bd3 c5 6. c3 c4 7. Bc2 a6 8. Nbd2 Be7 9. Ne5 0-0 10. 0-0 Ne8 11. f3 Bd6 12. Qe1 Nd7 13. Qg3 Ndf6 14. Bg5 Qb6 15. Rab1 Qc7 16. Bxf6 Nxf6 17. f4 Ne4 18. Nxe4 dxe4 19. b4 b5 20. Qf2 Bb7 21. g4 Bxe5 22. dxe5 Rad8 23. Rbd1 Rd3 24. Bxd3 exd3 25. h3 Qc6 26. Kh2 Qe4 27. Rd2 a5 28. a3 axb4 29. axb4 Ra8 30. gxf5 exf5 31. Rg1 g6 32. Qe1 Qd5 33. Rf2 Qd8 34. Qc1 Ra4 35. Qb2 Qb6 36. Qd2 Ra3 37. Re1 Kf7 38. Qb2 Ra4 39. Qd2 Qd8 40. Rg1 Qa8 41. Qb2 Qa7 42. Re1 Qb6 43. Qd2 Ke6 44. Qb2 Ra8 45. Qd2 Rg8 46. Rg1 Rd8 47. Re1 Rd7 48. Ra1 Qd8 49. Ra2 Qh4 50. Rf1 Qh5 51. Qf2 Be4 52. Ra6+ Ke7 53. Ra2 h6 54. Rg1 Kf8 55. h4 d2 0-1

[Event "Zuoz Engiadina op 25th"]
[Site "Zuoz"]
[Date "2018.10.07"]
[Round "2"]
[White "Schunk, Thomas"]
[Black "Mueller, Werner3333"]
[Result "1/2-1/2"]
[WhiteElo "2155"]
[BlackElo "1969"]
[PlyCount "89"]
[EventDate "2018.10.06"]
[EventType "swiss"]
[EventRounds "7"]
[EventCountry "SUI"]
[SourceTitle "CBM 186 Extra"]
[Source "ChessBase"]
[SourceDate "2018.08.24"]
[SourceVersion "1"]
[SourceVersionDate "2018.08.24"]
[SourceQuality "1"]

1. c4 g6 2. Nc3 c5 3. Nf3 Nc6 4. d4 cxd4 5. Nxd4 Bg7 6. Nc2 Bxc3+ 7. bxc3 Qa5 8. Qd2 Nf6 9. f3 d6 10. e4 Be6 11. Ne3 Ne5 12. Rb1 b6 13. Rb5 Qa4 14. Rb4 Qc6 15. Nd5 Rc8 16. Bb2 h5 17. Be2 h4 18. Qf4 Nfd7 19. 0-0 a5 20. Rb3 Nxc4 21. Bxc4 Qxc4 22. Qg5 Bxd5 23. exd5 Rh5 24. Qe3 Qc5 25. c4 Qxe3+ 26. Rxe3 Ne5 27. Rfe1 Rc7 28. Re4 Rxc4 29. Bd4 f5 30. Rxe5 dxe5 31. Bxb6 a4 32. a3 Kd7 33. Rxe5 Rc1+ 34. Kf2 Rc2+ 35. Kf1 Rg5 36. Bf2 Rc1+ 37. Be1 Kd6 38. Re6+ Kxd5 39. Ra6 Rc2 40. g3 hxg3 41. Bxg3 Rc4 42. Ke2 Kd4 43. Kd2 Kd5 44. Kd3 Rd4+ 45. Kc3 1/2-1/2

[Event "WchT Seniors 50"]
[Site "Dresden"]
[Date "2018.07.08"]
[Round "2.1"]
[White "Shabalov, Alexander"]
[Black "Schunk, Thomas"]
[Result "1-0"]
[WhiteElo "2567"]
[BlackElo "2162"]
[PlyCount "85"]
[EventDate "2018.07.07"]
[EventType "team-swiss"]
[EventRounds "9"]
[EventCountry "GER"]
[SourceTitle "CBM 185 Extra"]
[Source "ChessBase"]
[SourceDate "2018.07.29"]
[SourceVersion "1"]
[SourceVersionDate "2018.07.29"]
[SourceQuality "1"]
[WhiteTeam "United States"]
[BlackTeam "Leipzig Schachfreunde II"]
[WhiteTeamCountry "USA"]
[BlackTeamCountry "GER"]

1. Nf3 c5 2. e4 e6 3. d4 cxd4 4. Nxd4 Nf6 5. Nc3 d6 6. f4 a6 7. Qf3 Qc7 8. g4 b5 9. g5 b4 10. Ncb5 axb5 11. gxf6 gxf6 12. Bd3 Bb7 13. f5 e5 14. Nxb5 Qd7 15. Be3 Bc6 16. Qe2 Qb7 17. Bf2 Nd7 18. Rg1 Ra5 19. c4 Nc5 20. Bxc5 dxc5 21. b3 Ra8 22. 0-0-0 Rd8 23. Bc2 Rd7 24. Kb2 Kd8 25. Qh5 Bxb5 26. Qxf7 Be7 27. cxb5 Rd4 28. Rxd4+ cxd4 29. Bd3 h6 30. Rc1 Rf8 31. Qe6 Qd7 32. b6 Qxe6 33. fxe6 Bd6 34. b7 Ke7 35. Rc8 Rd8 36. Kc2 Bb8 37. Kd1 Ba7 38. Ke2 h5 39. Kf3 Bb8 40. Kg2 Ba7 41. Kh3 f5 42. exf5 e4 43. Bxe4 1-0

[Event "GER CupT 1718 prel2"]
[Site "Oranienburg"]
[Date "2018.01.14"]
[Round "2.2"]
[White "Schunk, Thomas"]
[Black "Paul, Johannes"]
[Result "0-1"]
[WhiteElo "2168"]
[BlackElo "2331"]
[PlyCount "124"]
[EventDate "2018.01.13"]
[EventType "team-k.o."]
[EventRounds "2"]
[EventCountry "GER"]
[SourceTitle "EXT 2019"]
[Source "ChessBase"]
[SourceDate "2018.10.10"]
[SourceVersion "1"]
[SourceVersionDate "2018.10.10"]
[SourceQuality "1"]
[WhiteTeam "Leipzig SG"]
[BlackTeam "Magdeburg Aufbau Elbe"]
[WhiteTeamCountry "GER"]
[BlackTeamCountry "GER"]

1. c4 e5 2. Nc3 Nf6 3. g3 d5 4. cxd5 Nxd5 5. Bg2 Nb6 6. Nf3 Nc6 7. d3 Be7 8. a3 Be6 9. b4 a5 10. b5 Nd4 11. Rb1 Nd5 12. Na4 Qd6 13. 0-0 0-0 14. Bb2 Bf6 15. e3 Nxf3+ 16. Qxf3 Rfd8 17. Qe2 c6 18. bxc6 Qxc6 19. Qd1 Rac8 20. d4 exd4 21. Bxd4 Bxd4 22. exd4 Bf5 23. Nb6 Bxb1 24. Nxc8 Qxc8 25. Qxb1 Nc3 26. Qd3 Rxd4 27. Bxb7 Rxd3 28. Bxc8 Kf8 29. Kg2 Rd2 30. Bg4 Ra2 31. Re1 Rxa3 32. Bd7 g6 33. Re3 Kg7 34. h4 Nb1 35. Re2 Nc3 36. Re3 Nb1 37. Re2 Rd3 38. Bb5 Rd5 39. Rb2 Nc3 40. Be8 Rd8 41. Bc6 Rd6 42. Be8 Kf8 43. Rb8 Ke7 44. Rc8 Rd8 45. Rxc3 Rxe8 46. Kf3 Kd7 47. Kf4 f6 48. h5 Ra8 49. g4 a4 50. Ra3 Kd6 51. Ke4 Kc5 52. Rc3+ Kb4 53. Rc1 a3 54. Kd5 Ra6 55. f4 a2 56. Rg1 Kc3 57. f5 gxf5 58. gxf5 Kd3 59. Rg3+ Ke2 60. Rg2+ Kf3 61. Rxa2 Rxa2 62. Ke6 Ra6+ 0-1

[Event "Oberliga Ost-A 1617"]
[Site "Germany"]
[Date "2017.05.06"]
[Round "10.5"]
[White "Reipsch, Jens"]
[Black "Schunk, Thomas"]
[Result "1/2-1/2"]
[WhiteElo "2222"]
[BlackElo "2185"]
[PlyCount "58"]
[EventDate "2016.10.16"]
[EventType "team-tourn"]
[EventRounds "11"]
[EventCountry "GER"]
[SourceTitle "EXT 2018"]
[Source "ChessBase"]
[SourceDate "2017.10.13"]
[SourceVersion "1"]
[SourceVersionDate "2017.10.13"]
[SourceQuality "1"]
[WhiteTeam "Halle USV"]
[BlackTeam "Leipzig SG II"]
[WhiteTeamCountry "GER"]
[BlackTeamCountry "GER"]

1. e4 e5 2. Nf3 d6 3. d4 Nf6 4. Nc3 Nbd7 5. Be2 Be7 6. 0-0 0-0 7. Bg5 c6 8. a4 Re8 9. Ne1 exd4 10. Qxd4 Qa5 11. Bd2 Qc5 12. Qxc5 Nxc5 13. f3 a5 14. Nd3 Ne6 15. Rfe1 Bd8 16. Be3 Nf8 17. Bf2 Bc7 18. Rad1 Ng6 19. b3 Re7 20. Bf1 Bd7 21. Nb2 Ne5 22. Nc4 Nxc4 23. Bxc4 Be6 24. Bxe6 fxe6 25. Nb1 e5 26. Na3 Kf7 27. Rd2 Re6 28. Red1 Rae8 29. c4 Rb8 1/2-1/2

[Event "Leipzig VfB op 24th"]
[Site "Leipzig"]
[Date "2017.03.24"]
[Round "6"]
[White "Langheinrich, Ferenc"]
[Black "Schunk, Thomas"]
[Result "1-0"]
[WhiteElo "2366"]
[BlackElo "2190"]
[PlyCount "67"]
[EventDate "2017.03.21"]
[EventType "swiss"]
[EventRounds "9"]
[EventCountry "GER"]
[SourceTitle "EXT 2018"]
[Source "ChessBase"]
[SourceDate "2017.10.13"]
[SourceVersion "1"]
[SourceVersionDate "2017.10.13"]
[SourceQuality "1"]

1. d4 Nf6 2. c4 c5 3. d5 b5 4. Qc2 d6 5. e4 g6 6. cxb5 Bg7 7. Nc3 0-0 8. Nf3 e6 9. dxe6 fxe6 10. e5 dxe5 11. Be2 Bb7 12. 0-0 Nbd7 13. Bg5 Qc7 14. Rad1 Nd5 15. Ne4 Rac8 16. b3 Rf7 17. a4 N7f6 18. Bxf6 Bxf6 19. g3 Be7 20. Nfd2 h5 21. Bf3 Rf5 22. Bg2 g5 23. Nc4 Rd8 24. Qe2 g4 25. f3 gxf3 26. Bxf3 Kh8 27. Bxh5 Rg8 28. Bg4 Nf4 29. Rxf4 exf4 30. Bxf5 exf5 31. Qh5+ Kg7 32. Ng5 fxg3 33. Ne6+ Kf6 34. Nxc7 1-0

[Event "GER CupT prel"]
[Site "Germany"]
[Date "2017.03.11"]
[Round "1.2"]
[White "Schunk, Thomas"]
[Black "Boguslawski, Oleg"]
[Result "0-1"]
[WhiteElo "2190"]
[BlackElo "2435"]
[PlyCount "63"]
[EventDate "2017.03.11"]
[EventType "team-k.o."]
[EventRounds "2"]
[EventCountry "GER"]
[SourceTitle "CBM 177 Extra"]
[Source "ChessBase"]
[SourceDate "2017.04.27"]
[SourceVersion "1"]
[SourceVersionDate "2017.04.27"]
[SourceQuality "1"]
[WhiteTeam "Leipzig SG"]
[BlackTeam "Hockenheim"]
[WhiteTeamCountry "GER"]
[BlackTeamCountry "GER"]

1. c4 e5 2. Nc3 Nc6 3. g3 f5 4. Bg2 Nf6 5. a3 a5 6. e3 g6 7. Nge2 Bg7 8. 0-0 0-0 9. d4 d6 10. Rb1 Ne7 11. b4 axb4 12. axb4 c6 13. Bb2 Be6 14. c5 e4 15. Ra1 Ned5 16. Nxd5 Nxd5 17. Rxa8 Qxa8 18. Qd2 Qb8 19. Rc1 Rd8 20. Nf4 Nxf4 21. gxf4 b6 22. Bf1 Bd5 23. Bc3 b5 24. Ra1 Qc7 25. Qb2 Qe7 26. Ra6 g5 27. Qe2 gxf4 28. exf4 dxc5 29. bxc5 Bf6 30. Qe3 Kh8 31. Bh3 Rg8+ 32. Kf1 0-1

[Event "Oberliga Ost-A 1617"]
[Site "Germany"]
[Date "2017.02.18"]
[Round "6.4"]
[White "Fritsch, Andreas"]
[Black "Schunk, Thomas"]
[Result "1-0"]
[WhiteElo "2066"]
[BlackElo "2185"]
[PlyCount "95"]
[EventDate "2016.10.16"]
[EventType "team-tourn"]
[EventRounds "11"]
[EventCountry "GER"]
[SourceTitle "EXT 2018"]
[Source "ChessBase"]
[SourceDate "2017.10.13"]
[SourceVersion "1"]
[SourceVersionDate "2017.10.13"]
[SourceQuality "1"]
[WhiteTeam "Naumburg"]
[BlackTeam "Leipzig SG II"]
[WhiteTeamCountry "GER"]
[BlackTeamCountry "GER"]

1. Nc3 g6 2. h4 h5 3. Nh3 Bg7 4. Ng5 e5 5. e4 Nh6 6. Bc4 0-0 7. d3 a6 8. a3 b5 9. Bb3 Bb7 10. Bd2 c6 11. Qe2 a5 12. Nd1 Na6 13. g3 d5 14. f3 Nc7 15. Nf2 f6 16. Ngh3 Ne6 17. c3 Qd7 18. g4 Rfd8 19. gxh5 gxh5 20. f4 Qf7 21. f5 Nc5 22. Ba2 Kf8 23. Rg1 Ke7 24. Be3 Nd7 25. Rg6 Rh8 26. 0-0-0 Ng8 27. Rdg1 Bf8 28. d4 Kd8 29. Kb1 b4 30. exd5 Ba6 31. Qf3 b3 32. Bxb3 Rb8 33. Ba2 Ne7 34. d6 Nd5 35. Ka1 N7b6 36. dxe5 Nc4 37. e6 Qb7 38. Bc1 Bxd6 39. Rg8+ Rxg8 40. Rxg8+ Kc7 41. Rg7+ Ne7 42. Ne4 Ne5 43. Nxd6 Kxd6 44. Qd1+ Bd3 45. Nf4 Qa6 46. c4 Nxf5 47. Nxd3 Nxg7 48. Nb4+ 1-0